MARC

LEADER 00000nas a2200000 a 4500
001 ssj0068589
003 WaSeSS
005 20200512172242.0
006 m d
007 cr n
008 091025c20019999ck || pos 0 0spa c
010 |a  2010269014 
016 7 |a 2414951-2  |2 DE-600 
016 7 |a 101704203  |2 DNLM 
022 |a 2027-5374  |l 1657-5997  |y 1657-5997 
035 |a (WaSeSS)ssj0068589 
040 |a WaSeSS  |b eng  |c CUD  |d SFB  |d OCLCQ  |d HTM  |d UTV  |d HEBIS  |d OCLCA  |d OCLCQ  |d CUS  |d OCLCQ  |d OCLCF  |d OCLCO  |d OCLCQ  |d OCLCO  |d OCLCQ  |d NLM  |d OCLCO  |d OCLCA  |d WaSeSS 
042 |a pcc 
043 |a s-ck--- 
050 4 |a RT8.C7  |b R483 
060 0 0 |a W1 
245 0 0 |a Aquichan  |h [electronic resource]. 
246 1 |a Revista aquichan 
260 |a Chía, Colombia :  |b Universidad de La Sabana,  |c [2001]- 
310 |a Quarterly,  |b 2013- 
321 |a Annual,  |b 2001-2006 
321 |a Two issues per year,  |b 2007-2008 
321 |a Three issues per year,  |b 2008-2013 
362 1 |a Began with vol. 1, número 1 (año 2001). 
506 |a License restrictions may limit access. 
546 |a Abstracts in English, Portuguese and Spanish. Search interface available in English, French, Portuguese, and Spanish. 
588 |a Description based on: Vol. 1, número 1 (año 2001); title from contents page (Redalyc, viewed Sept. 20, 2010). 
588 |a Latest issue consulted: Vol. 17, no. 1 (marzo 2017) (viewed Apr. 21, 2017). 
650 0 |a Nursing  |z Colombia  |v Periodicals. 
650 0 |a Nursing  |v Periodicals. 
650 1 2 |a Nursing. 
650 7 |a Nursing.  |2 fast  |0 (OCoLC)fst01041731 
651 2 |a Colombia. 
651 7 |a Colombia.  |2 fast  |0 (OCoLC)fst01205916 
655 0 |a Electronic journals. 
710 2 |a Universidad de La Sabana. 
710 2 |a Universidad de La Sabana.  |b Facultad de Enfermería y Rehabilitación. 
776 0 8 |i Print version:  |t Aquichan  |x 1657-5997 
856 4 0 |z Full text available from PRISMA Database with HAPI Index: 04/01/2010 to 03/31/2017  |u https://search.proquest.com/publication/366364